Notas para una sistematización acerca de los programas de postgrado en América Latina

Enregistré dans:
Détails bibliographiques
Auteur principal: Lemaitre, María José (Auteur)
Format: Livre
Langue:espagnol
Publié: Santiago CPU 1988
Collection:Documento de trabajo, 30
Sujets:
Tags: Ajouter un tag
Pas de tags, Soyez le premier à ajouter un tag!

MARC

LEADER 00000nam a2200000 a 4500
001 UCW5863
003 CL-VaPUC
008 910816e19880000CL |||||||||||||||||spa|d
082 0 4 |a 378.25  |b LEM  |2 21 
100 |a Lemaitre, María José  |e author  |9 620398 
245 1 0 |a Notas para una sistematización acerca de los programas de postgrado en América Latina 
300 |a 26 h 
942 |c BK 
945 |d 19910816 00:00:00 
260 |a Santiago  |b CPU  |c 1988 
650 7 |a UNIVERSIDADES TRABAJOS DE POSTGRADO  |2 CL-VaPUC  |9 310921 
651 0 |a América Latina   |9 255027 
583 |a last modification  |c 19910816 00:00:00  |k Rodrigo Vera 
490 0 |a Documento de trabajo, 30 
999 |c 219175  |d 219173 
952 |0 0  |1 0  |4 0  |6 378_250000000000000_LEM_1988  |7 0  |8 A  |9 209764  |a BIBEDU  |b BIBEDU  |d 2019-11-15  |i 2776448  |o 378.25 LEM 1988  |p 2776448  |r 2019-11-15  |w 2019-11-15  |y BK  |k EDU